000 00593nam a2200205Ia 4500
008 180523s9999 xx 000 0 und d
020 _a1-4039-0026-4
050 _aMAIN PE 1128
050 _b.L49 2003 c.2
100 _aLewis, Marilyn.
245 0 _aStudy skills for speakers of English as a second language /
245 0 _cMarilyn Lewis. And Hayo Reinders.
260 _aNew York :
260 _bPalgrave Macmillan,
260 _c2003
300 _a220 pages :
300 _c22 cm.
500 _aIncludes index.
650 _aEnglish language -- Textbooks for foreign speakers.
999 _c357361
_d357361